Reforming economic systems in developing countries

Đã lưu trong:
书目详细资料
主要作者: Dwight H. Perking
格式: 图书
语言:Undetermined
出版: New York Harvard Univ
主题:
标签: 添加标签
没有标签, 成为第一个标记此记录!
Thư viện lưu trữ: Trung tâm Học liệu Trường Đại học Cần Thơ
LEADER 00487nam a2200157Ia 4500
001 CTU_6314
008 210402s9999 xx 000 0 und d
082 |a 330.99 
082 |b P448 
100 |a Dwight H. Perking 
245 0 |a Reforming economic systems in developing countries 
245 0 |c Dwight H. Perking, Micheal Roemer 
260 |a New York 
260 |b Harvard Univ 
650 |a developing countries - economic policy 
980 |a Trung tâm Học liệu Trường Đại học Cần Thơ